000 00599nam a2200229Ia 4500
003 OSt
005 20220918175959.0
006 a|||||r|||| 00| 0
007 ta
008 220917b |||||||| |||| 00| 0 eng d
024 _a20,086
037 _cTextual
040 _aARTS
_cARTS
_beng
041 _2eng
_aeng
082 _aO:3:9N, K13
100 _aIhab Hassan
_952985
245 0 _aRadical innocence
_b Studies in the contemporary American novel
260 _c1963
650 _aENGLISH LITERATURE
942 _hO:3:9N, K13
_cTEXL
_2CC
999 _c159852
_d159852